Tilastot visalle Venäjän 20 Suurinta Kaupunkia

Klikkaa tästä pelataksesi tätä visaa!

Yleistilastot

  • Tätä visaa on pelattu 190 kertaa
  • Keskiarvotulos 8 / 20

Vastaustilastot

Kaupunki% Oikein
Moskova
96%
Pietari
96%
Jekaterinburg
65%
Novosibirsk
62%
Volgograd
62%
Kazan
61%
Omsk
59%
Ufa
58%
Samara
53%
Nižni Novgorod
49%
Saratov
22%
Toljatti
22%
Krasnodar
16%
Rostov-On-Don
16%
Voronezh
11%
Chelyabinsk
10%
Tjumen
5%
Mahatškala
1%
Krasnojarskin
0%
Permanentti
0%

Tulosjakauma

Persentiili vastausten määrän mukaan

Jokaisen tuloksen saaneiden osuus

Tuloshistoriasi

Et ole pelannut tätä visaa